LEADER 00790nam a2200193 i 4500 001 000000216335 003 CaOOAMICUS 005 20121012000000.0 008 121012s1769 xx u000 u lat u 013 $a195224 026 $a2120 ned- o.i- vesu (3) 1769 (R) 040 $aSeMil$bita 245 10$aTomus 3. 300 $aviii, 180 p. 500 $aSegn. : a4 A-Y4 Z2. 773 0 $aFrancescati, Giuseppe $tPrincipia religionis naturalis et revelatae a novatorum erroribus vindicata. Auctore Josepho Francescati. Tomus 1. [-6.].$dVeronae : Apud Haeredem Augustini Carattoni Seminarii Typographum, 1769-1782.$g3$w()27534 850 $aSeMil 852 $aSeMil$W1$xVenegono$y1$m2N V 13 FA$j166754$B166754$CSeMilBibl$Z2$F177599 $8I 996 $6245$aTomus 3$9(OLS)http://semarc/title/70582 LEADER 01046nam a2200229 i 4500 001 000000071313 003 CaOOAMICUS 005 20081118000000.0 008 081118s1913 it u000 u ita u 013 $a42485 040 $aSeMil$bita 100 1 $aHöffding, Harald <1843-1931>.$0(OLS)http://semarc/name/22248 245 10$aSaggio di una psicologia basata sull'esperienza /$cHarald Höffding ; traduzione di Francesco Galasso ; con prefazione di Silvestro Baglioni. 260 $aMilano :$bSocietà Editrice Libraria,$c1913. 300 $aX, 412 p. ;$c25 cm. 650 4$aPsicologia.$0(OLS)http://semarc/subject/1671 700 1 $aBaglioni, Silvestro.$0(OLS)http://semarc/name/35454 700 1 $aGalasso, Francesco.$0(OLS)http://semarc/name/35453 850 $aSeMil 852 $aSeMil$W1$xVenegono$y1$m2P IV 5$j37466$B37466$CSeMilBibl$Z2$F37469 $81 996 $6245$aSaggio di una psicologia basata sull'esperienza$9(OLS)http://semarc/title/114683 996 $6260$aMilano :$bSocietà Editrice Libraria$9(OLS)http://semarc/publisher/30111